Masculinidades cambios y permanencias: varones del Cuzco, Iquitos y Lima
Na minha lista:
| Autor principal: | |
|---|---|
| Formato: | Texto |
| Publicado em: |
Lima:
Fondo Editorial de la Pontíficia Universidad Católica
|
| Assuntos: | |
| Tags: |
Adicionar Tag
Sem tags, seja o primeiro a adicionar uma tag!
|
MARC
| LEADER | 00000 a a2200000 04500 | ||
|---|---|---|---|
| 001 | 28121 | ||
| 003 | |||
| 040 | |||
| 090 | |a 187008 | ||
| 100 | |a Fuller, Norma | ||
| 245 | |a Masculinidades cambios y permanencias: varones del Cuzco, Iquitos y Lima | ||
| 260 | |a Lima: |b Fondo Editorial de la Pontíficia Universidad Católica | ||
| 300 | |a 509 p. |b **no definido** | ||
| 650 | |a MATRIMONIO | ||
| 650 | |a MASCULINIDAD | ||
| 650 | |a GENERO | ||
| 650 | |a PERU | ||
| 999 | |c 14295 |d 14295 | ||
